[Event "New Delhi Parsvnath op 10th"]
[Site "New Delhi"]
[Date "2012.01.21"]
[Round "9"]
[White "Vignesh, NR."]
[Black "Rahul, Sangma"]
[Result "1/2-1/2"]
[WhiteElo "2043"]
[BlackElo "2357"]
[PlyCount "100"]
[EventDate "2012.01.15"]
[EventType "swiss"]
[EventRounds "11"]
[EventCountry "IND"]
[SourceTitle "CBM 146 Extra"]
[Source "ChessBase"]
[SourceDate "2012.02.29"]
[SourceVersion "1"]
[SourceVersionDate "2012.02.29"]
[SourceQuality "1"]

1. e4 e5 2. Nf3 Nc6 3. Bb5 a6 4. Ba4 Nf6 5. d3 b5 6. Bb3 Bc5 7. 0-0 d6 8. a4 Bg4 9. c3 b4 10. a5 0-0 11. h3 Be6 12. Nbd2 bxc3 13. bxc3 Rb8 14. Nc4 h6 15. Re1 Qc8 16. Be3 Bxe3 17. Rxe3 d5 18. Ba4 dxe4 19. Bxc6 exf3 20. Qxf3 Bxc4 21. dxc4 Qe6 22. Rae1 e4 23. Bxe4 Qxc4 24. Bd3 Qc5 25. Bxa6 Qxa5 26. Bf1 Qc5 27. Re5 Qd6 28. Qd3 Qxd3 29. Bxd3 Rfe8 30. Rxe8+ Nxe8 31. Kf1 Kf8 32. Re5 Rb2 33. g3 Rd2 34. Be2 Rb2 35. Rc5 Rb7 36. Bf3 Ra7 37. Kg2 Ke7 38. Re5+ Kf8 39. c4 g6 40. Re1 c5 41. Bd5 Re7 42. Ra1 Nd6 43. Ra6 Ne8 44. Bc6 Re6 45. Bb7 h5 46. Kf1 g5 47. Kg2 Rd6 48. Kf1 Re6 49. Kg2 Nd6 50. Kf1 Rf6 1/2-1/2